000 00638nam a2200205Ia 4500
003 GCL
008 140319s9999 xx 000 0 ara d
040 _aGCL /
_cGCL
082 0 4 _aط
_b813
_bوا
100 1 _aوكالة المطبوعات
245 1 0 _aاصدقاء السيرك /
_cوكالة المطبوعات
260 _aالكويت :
_bوكالة المطبوعات ،
_c1998
300 _a:
_bايض ؛
_c25 سم
490 _aمجموعة الاصدقاء
_v0
650 0 4 _aالاطفال
650 0 4 _aقصص الاطفال
650 0 4 _aادب الاطفال
650 0 4 _aالحيوانات - قصص
942 _2ddc
_cBK
999 _c8328
_d8328